Language Quiz

Random Language or Blitz Quiz

Speed Jumble Quiz Stats

Quiz Updated Nov 22, 2011

Challenge
Share
Tweet
Embed
Score 0/50 Timer 02:00
1 Play Today
Jumble Words % Correct
????
100%
????
99.8%
????
99.7%
????
99.1%
????
98.1%
????
97.9%
????
92.3%
????
92.2%
????
91.9%
????
91.7%
????
90.9%
????
90.1%
????
89.3%
????
88.2%
????
87.3%
????
86.4%
????
85.5%
????
83.4%
????
81.2%
????
80.3%
????
79.3%
????
77.3%
????
75.9%
????
73%
????
71.9%
Jumble Words % Correct
????
69.6%
????
68.3%
????
66%
????
61.4%
????
59.7%
????
58.1%
????
56.7%
????
48.3%
????
45.7%
????
42.2%
????
40.9%
????
39%
????
37.5%
????
33.3%
????
30.6%
????
29.1%
????
24.5%
????
23.3%
????
21.5%
????
19.1%
????
17.7%
????
16%
????
11.6%
????
8.6%
????
4.9%

You're not logged in!

Compare scores with friends on all Sporcle quizzes.
Sign Up with Email
OR
Log In

You Might Also Like...

Show Comments

Extras

Top Quizzes Today


Score Distribution

Your Account Isn't Verified!

In order to create a playlist on Sporcle, you need to verify the email address you used during registration. Go to your Sporcle Settings to finish the process.

Report this User

Report this user for behavior that violates our Community Guidelines.

Details: